GMDSS operating guidance for masters of ships in distress situations (Record no. 12049)
[ view plain ]
| 000 -LEADER | |
|---|---|
| fixed length control field | 00401nam a22001217a 4500 |
| 008 - FIXED-LENGTH DATA ELEMENTS--GENERAL INFORMATION | |
| fixed length control field | 220316b 1992 ||||| |||| 00| 0 eng d |
| 110 ## - MAIN ENTRY--CORPORATE NAME | |
| Corporate name or jurisdiction name as entry element | IMO : International Maritime Organization |
| 245 ## - TITLE STATEMENT | |
| Title | GMDSS operating guidance for masters of ships in distress situations |
| 250 ## - EDITION STATEMENT | |
| Edition statement | 1992 |
| 260 ## - PUBLICATION, DISTRIBUTION, ETC. (IMPRINT) | |
| Place of publication, distribution, etc | London |
| Name of publisher, distributor, etc | IMO : International Maritime Organization |
| Date of publication, distribution, etc | 1992 |
| 300 ## - PHYSICAL DESCRIPTION | |
| Extent | Card ( laminated) |
| 942 ## - ADDED ENTRY ELEMENTS (KOHA) | |
| Item type | Reference book |
No items available.


